In quale anno? - Quiz n°29 - Statistics

Statistiche generali
  • Questo quiz è stato fatto 7 volte
  • Il punteggio medio è 2 su 8
Statistiche sulle risposte
Domanda Risposta % Corretto
Joe Biden vince le elezioni presidenziali negli Stati Uniti d'America. 2020
100%
Robert Falcon Scott raggiunge il Polo Sud, un mese dopo Roald Amundsen. Muore nel viaggio di ritorno. 1912
50%
Londra: muore Sir Winston Churchill. 1965
50%
Roma: Viene eletto papa il cardinale Giovanni Maria Mastai-Ferretti, già Vescovo di Imola, il quale assume il nome di Pio IX. Circa un mese dopo la sua elezione, concede l'amnistia per i reati politici: cosa che gli procura le simpatie di tutti i liberali italiani e dà nuovo impulso al movimento unitario della penisola. 1846
0%
Karl Marx istituisce la prima Associazione Internazionale dei Lavoratori a Londra assieme a Friedrich Engels. Vi aderisce anche Giuseppe Mazzini. 1864
0%
Il re Vittorio Emanuele II si insedia a Firenze. 1865
0%
Federico III sale al trono dell'Impero tedesco, avviando il declino di Otto von Bismarck. 1888
0%
omiziano trasforma esplicitamente la costituzione repubblicana romana in una monarchia facendosi eleggere alla carica di console per dieci anni e censore a vita. 84
0%
Nessun quiz corrispondente trovato
Distribuzione punteggi
Percentuale di utenti per punteggio
Percentile per numero di risposta
I tuoi punteggi nel tempo
Non hai fatto questo quiz